Countries Where Over Half the Population lives in one City - Statistics

General Stats
  • This quiz has been taken 24 times
    5 since last reset
  • The average score is 4 of 7
Answer Stats
City Population Country % Correct
38,600 Monaco
100%
136,208 Luxembourg
80%
5.87 mil Singapore
80%
882 Vatican City
80%
1.67 mil Mongolia
40%
1.98 mil Panama
40%
3.3 mil Kuwait
20%
No matching quizzes found
Score Distribution
Percent of People with Each Score
Percentile by Number Answered
Your Score History
You have not taken this quiz since the last reset